| 000 | 00600nam a22002057a 4500 | ||
|---|---|---|---|
| 005 | 20221128110357.0 | ||
| 008 | 161214b xxu||||| |||| 00| 0 eng d | ||
| 020 | _a0863113788 | ||
| 040 | _aLoreto College | ||
| 041 | _aEnglish | ||
| 082 |
_a954.14 _bRAY |
||
| 100 | _aRay, Niharranjan | ||
| 245 |
_aHistory of the Bengali people _b(Ancient period) _cNiharranjan Ray;translated with an introduction by John W. Hood |
||
| 260 |
_aHyderabad _bOrient Longman _c2014 |
||
| 300 |
_axxxv,613p _b22cm |
||
| 504 | _aIncludes index | ||
| 650 | _aBengal,ancient-History | ||
| 850 | _aLCLIB | ||
| 942 | _cBK | ||
| 999 |
_c40810 _d91289 |
||